MDQL
is popping MORE tags! Check the
thread
!
Quizzes
Events
Quiz Creation
Community
Videos
Private Events
Remove Ads
Sign In
Join for FREE
Feedback
Dark Mode
Quiz Categories
Sports
Geography
Music
Movies
Television
Just For Fun
Miscellaneous
History
Literature
Language
Science
Gaming
Entertainment
Religion
Holiday
For Kids
Quiz Lab
Recent
Popular Today
Quiz Kudos Today
Editor Picks
Curator Picks
Quizzes by...
Day
Popularity
Type
Ratings
Length
Year
Community
Subscriptions
Recent Discussions
Orange Saloon
Badges
Playlists
Quests
Create
Leaderboards
Showdown
Live 5
Trivia Bingo
Activity
Puzzle Library
Sporcle Events
Private Events
Virtual Trivia
Globe League
Become a Host
Pub Owners
SporcleCon
Opinionation
Our Games
Videos
Blog
Mobile Apps
Partnerships
Remove Ads and Go Orange
Feedback
Sports
Athletes
MLB
NBA
NHL
NFL
Soccer
Sports Teams
WWE
NCAA
Football
Premier League
Basketball
Baseball
Hockey
Golf
Tennis
Cricket
Rugby
Auto Racing
Olympics
World Cup
Sports
Athletes
MLB
NBA
NHL
NFL
Soccer
Sports Teams
WWE
NCAA
Football
Premier League
Basketball
Baseball
Hockey
Golf
Tennis
Cricket
Rugby
Auto Racing
Olympics
World Cup
Random Quiz
Search Sporcle
×
Quiz Lab
Quiz Lab
Sports
Europe
Type in answers that appear in a list
Type in answers that appear in a list
Classic
Best Score? Go Orange.
European Football Teams with 35,000+ Stadium Capacities Stats
Can you name the European Football Teams with 35,000+ Stadium Capacities?
By
JamSpammer
15m
88 Questions
413 Plays
413 Plays
413 Plays
Comments
Comments
Give Quiz Kudos
Give Quiz Kudos
-
- Ratings
hide this ad
Replay
Link that replays current quiz
Next Quiz
Link to next quiz in quiz playlist
You Got
0%
They Got
Avg Score
50%
Avg Friend Score
Upgrade to see
Score Distribution
Jump to the score distribution portion of the page
Score
0/88
Timer
15:00
0
Plays Today
Capacity
Team Name
% Correct
99,354
FC Barcelona
98.3%
85,454
Real Madrid CF
96.9%
75,811
Manchester United
95.2%
80,720
Borussia Dortmund
93.5%
60,361
Arsenal
93.2%
80,018
AC Milan & FC Internazionale Milano
93%
61,901
FC Bayern Munich & TSV 1860 München
91.8%
47,805
Manchester City
91.3%
45,522
Liverpool
90.1%
41,837
Chelsea
89.6%
72,481
AS Roma & SS Lazio
88.9%
48,712
Paris Saint-Germain FC
88.4%
54,960
Atlético Madrid
87.2%
55,000
Valencia CF
86.4%
40,500
Olympique Lyonnais
85%
41,000
Juventus FC
84.5%
42,788
Aston Villa
84.3%
40,157
Everton
84%
60,031
Olympique de Marseille
83.3%
52,381
Newcastle United
83.1%
52,342
AFC Ajax
79.4%
60,832
Glasgow Celtic
78.7%
51,082
Glasgow Rangers
78.7%
52,000
FC Porto
78.7%
45,500
Sevilla FC
78%
65,647
SL Benfica
75.1%
60,240
SSC Napoli
74.8%
50,044
Sporting Clube de Portugal
73.6%
49,000
Sunderland
73.4%
35,016
West Ham United
72.2%
Capacity
Team Name
% Correct
52,652
Galatasaray
71.9%
56,889
Hamburger SV
71.4%
50,509
Fenerbahçe S.K.
70.7%
70,050
FC Dynamo Kyiv
64.9%
37,697
Leeds United
64.2%
51,177
Feyenoord
63.2%
36,310
Tottenham Hotspur
63%
47,290
ACF Fiorentina
61.7%
77,166
Hertha BSC
60.8%
43,269
Lech Poznań & Warta Poznań
60.3%
60,441
VFB Stuttgart
57.9%
78,360
FC Spartak Moscow
56.4%
69,618
AEK Athens & Panathinaikos
55.4%
36,536
Genoa CFC & UC Sampdoria
54.2%
42,500
SV Werder Bremen
53.5%
56,432
Real Betis
53.5%
51,500
Eintracht Frankfurt
51.1%
40,000
Athletic Bilbao
47.2%
55,538
Red Star Belgrade
45.3%
38,065
FC Copenhagen
43.3%
52,518
FC Shakhtar Donetsk
42.9%
50,000
1. FC Köln
41.9%
39,812
Sheffield Wednesday
41.2%
38,285
FC Nantes
39.7%
44,345
RB Leipzig
38.5%
40,500
RCD Espanyol
38.3%
39,349
US Città di Palermo
36.6%
58,270
AS Bari
34.6%
49,000
Hannover 96
33.9%
41,652
Udinese Calcio
33.2%
Capacity
Team Name
% Correct
54,057
Borussia Mönchengladbach
31.7%
35,000
PSV Eindhoven
31.5%
38,923
GNK Dinamo Zagreb & NK Lokomotiva
28.8%
38,279
Bologna FC 1909
28.6%
41,299
RC Lens
26.6%
35,472
Toulouse FC
26.4%
48,548
1. FC Nuremburg
26.2%
39,211
AC Chievo Verona & Hellas Verona FC
24.2%
35,616
AS Saint-Étienne
21.3%
52,500
Queen's Park
20.8%
54,600
Fortuna Düsseldorf
20.8%
36,000
AIK Fotboll
19.9%
38,633
FC Metalist Kharkiv
9%
61,673
Shalke 04
8.3%
76,092
İstanbul Büyükşehir Belediyespor
7.5%
44,416
Śląsk Wrocław
6.1%
38,875
Elche CF
5.1%
36,900
FC Minsk
4.8%
40,200
ACR Messina
4.4%
49,780
1. FC Kaiserslauten
3.1%
44,636
Lechia Gdańsk
3.1%
39,989
Salerno Calcio
2.4%
36,400
FK Rabotnički & FK Vardar
2.2%
37,500
FK Sarajevo
1.9%
52,295
Göztepe S.K.
1.9%
35,000
Ankara Demirspor
1.7%
35,303
1. FC Saarbrücken
1.5%
36,285
US Leece
0.2%
Quiz Playlist
Details
Report
Send in Message
Add To Playlist
Classic:
Type in answers that appear in a list
Last Updated: Feb 16, 2017
Quiz Scoreboard
CHALLENGE
Sign Up to Join the Scoreboard
Show All
Scores
Hide
Comments
May contain spoilers
Recently Published
1-10 Letter E Words III
by El_Dandy
Language
2m
Street Fighter Characters
by Artimus82
Gaming
60s
College Basketball Coaching Resumes
by pancakes188
Sports
9m
More to Explore
Quiz From the Vault
Featured Blog Post
Where Did the Easter Bunny Come From?
hide this ad
You Might Also Like...
Tags
Europe Quiz
Football Quiz
Capacity
European Football
Stadiums
team
Today's Top Quizzes in Sports
Browse Sports
hide this ad
Today's Top Quizzes in Europe
Browse Europe
Top Contributed Quizzes in Sports
1
2022 World Cup Stars
2
Les meilleurs buteurs des matchs entre le PSG et l’OM
3
FIFA Club World Cup Champions
4
Les entraîneurs de l'OM et du PSG au 21e siècle
5
Criteria MLB: Left Handed Sluggers
6
2023 MLB Unique Player Accomplishments
7
AFC Teams Reveal (Wrong Answers Minefield)
8
Players with Multiple 50 Home Run Seasons
9
5-to-1: FBS Animal Nicknames
10
5-to-1: UK Sports Teams
Explore More
Trending Topics
Harry Potter
Anime
Kpop
Marvel
NBA
Disney
Crossword
Puzzle
NFL
The Office
Country
WWE
Pokémon
Song
Soccer
hide this ad
More By:
JamSpammer
Quiz
Plays
Rating
Category
Featured
Created
English Football Team by Stadium
479
Sports
Jun 1, 2012
European Football Teams with 35,000+ Stadium Capacities
413
3.50
Sports
Jun 8, 2012
Stadiums With 20,000+ Capacity
133
4.00
Sports
Jun 4, 2012
Largest Shopping Centres In Britain
56
3.00
Just For Fun
Jun 1, 2012
Go to Creator's Profile
Score Distribution
Quiz Creator Spotlight
JamSpammer
Follow
Send a Message
Quizzes Created
-
Created Quiz Play Count
-
More By This Creator
Popular Quizzes Today
1
Find the US States - No Outlines Minefield
2
Find the Countries of Europe - No Outlines Minefield
3
The Countries of the World
4
Find the US States
5
Risky Map Clicking: Biggest States A-Z
6
US States
7
Popular People in 1961
8
Movies - When Are They Set?
More Sports Quizzes
AEW TNT Champions by Photo
Quiz Lab
Trending Quizzes
Risky Map Clicking: Least Populous States A-Z
Billboard Blitz: Aretha Franklin
1-10 Letter G Words
Countries of the World: 200 Million BC
1-10 Letter F Words
Recently Updated
Leaping Animals
pecheneg
Reality TV Shows (A-Z)
bhenderson79
Rickey Henderson's Hall of Fame Teammates
pecheneg
Champions League XIs: Arsenal
pecheneg
Quick Pick: Celebrities in WWE's Hall of Fame
aduchscher
A-Z Keypad Blitz II
pecheneg
Multiple Oscar Actors
pecheneg
Mystery Phrase Blitz: Oscar 'Best Actors'
pecheneg
F. Scott Fitzgerald Novels
LTH
Pick 3 Villains
ddd62291
Trending Topics
NBA
Kpop
Disney
Harry Potter
Crossword
Anime
Marvel
The Office
Soccer
Song
Pokémon
WWE
Country
Puzzle
NFL
Your Account Isn't Verified!
In order to create a playlist on Sporcle, you need to verify the email address you used during registration. Go to your
Sporcle Settings
to finish the process.
Report this User
Report this user for behavior that violates our
Community Guidelines
.
Details:
Send Report
Go to the Sporcle.com Mobile Site →
Comments